| 000 | 00565nam a2200181 a 4500 | ||
|---|---|---|---|
| 001 | 000044040 | ||
| 005 | 20201002045117.0 | ||
| 008 | 140514s1973 ve 000 f spa d | ||
| 040 |
_aDO-SdBNP _bspa _cBNPHU |
||
| 082 |
_axxxx _bxxxx |
||
| 100 | 1 |
_aMárquez Cairós, Fernando _972020 |
|
| 245 | 1 | 0 |
_aEste combate no se decide todavía / _cFernando Márquez Cairós. |
| 260 |
_aCaracas : _bFuentes, _c1973. |
||
| 300 |
_a233 p. ; _c20 cm. |
||
| 490 | 1 | _aHistoria viva | |
| 500 | _aIncluye datos biográficos del autor en las solapas | ||
| 830 | 0 |
_aHistoria viva _958574 |
|
| 999 |
_c43529 _d43529 |
||